000 00511nam a22001457a 4500
005 20221107085852.0
040 _curs
050 _aDS 686.616 B35 C74 1997
100 _92827
_aCrisostomo, Isabelo T.
_eauthor
245 _aPresident Fidel V. Ramos
_bbuilder, reformer, peacemaker
_cIsabelo T. Crisostomo
260 _aQuezon City
_bJ. Kriz Publishing Enterprise
_c1997
600 0 _92830
_aRamos, Fidel Valdez, 1928--
_xBiography
651 0 _92831
_aPhilippines
_xPolitics and government
_y1992-1998
942 _2lcc
_cF
999 _c59235
_d59235